| 000 | 01738nam a2200433 i 4500 | ||
|---|---|---|---|
| 001 | DIGARTEP0148 | ||
| 003 | NyNyDIG | ||
| 007 | cr ||||||||||| | ||
| 008 | 221213s2005 txua co 000 j spa d | ||
| 006 | m o d | ||
| 035 | _a(OCoLC)1004955343 | ||
| 040 |
_aDGITA _beng _erda _epn _cDGITA |
||
| 020 |
_a9781558855632 _qeBook |
||
| 020 | _z9781558854505 | ||
| 041 | 0 |
_aspa _aeng |
|
| 050 | 1 | 4 | _aPZ74.3 ebook |
| 100 | 1 |
_aCaraballo, Samuel, _eauthor. |
|
| 245 | 1 | 0 |
_aMis papitos : _bhéroes de la cosecha / _cpor Samuel Caraballo ; ilustraciones de Obed Gómez = My dear parents : harvest heroes / by Samuel Caraballo ; illustrations by Obed Gómez. |
| 246 | 3 | 1 |
_aMy dear parents : _bharvest heroes |
| 264 | 1 |
_aHouston, Texas : _bPiñata Books : _bArte Público Press, _c[2005] |
|
| 300 |
_a1 online resource : _bcolor illustrations. |
||
| 336 |
_atext _btxt _2rdacontent |
||
| 337 |
_acomputer _bc _2rdamedia |
||
| 338 |
_aonline resource _bcr _2rdacarrier |
||
| 347 |
_atext file _2rdaft |
||
| 347 | _bPDF | ||
| 546 | _aText in Spanish and English. | ||
| 588 | 0 | _aOnline resource; title from PDF title page (Digitalia, viewed December 13, 2022) | |
| 650 | 0 |
_aParent and child _vJuvenile fiction. |
|
| 650 | 0 |
_aHarvesting _vJuvenile fiction. |
|
| 655 | 7 |
_aShort stories. _2lcgft |
|
| 700 | 1 |
_aGómez, Obed, _eillustrator. |
|
| 791 | 2 |
_aDigitalia (Firm), _edistributor. |
|
| 793 | 0 |
_gDigitalia eBook Collection: _aArte Publico Press |
|
| 776 | 0 | 8 |
_iPrint version: _aCaraballo, Samuel. _tMis papitos. _dHouston, Texas : Piñata Books : Arte Público Press, [2005] _z9781558854505 |
| 856 | 4 | 0 |
_3Digitalia Hispánica _uhttps://www.digitaliapublishing.com/a/23166/ |
| 910 | _aPremium collection: 2022 | ||
| 942 | _cRAA | ||
| 999 |
_c237504 _d237504 |
||